Mexico ; a revolution by education /

Bibliographic Details
Main Author: Sánchez, George Isidore, 1906-1972
Format: Book
Language:English
Published: New York : The Viking press, 1936.
Subjects:

MARC

Tag First Indicator Second Indicator Subfields
LEADER 00000cam a2200000 4500
001 in00000062153
005 20151008051654.0
008 711130s1936 nyu b 00000 eng u
010 |a  36028525  
035 |a (OCoLC)00176754 
035 |9 AAG9320AM 
040 |c WSU  |d TXA  |d UtOrBLW 
049 |a TXAM  |c [83464] 
050 0 |a LA422  |b .S28 
092 |a 370.972  |b S211m 
100 1 |a Sánchez, George Isidore,  |d 1906-1972. 
245 1 0 |a Mexico ;  |b a revolution by education /  |c by George I. Sanchez; foreword by Rafael Ramirez. 
264 1 |a New York :  |b The Viking press,  |c 1936. 
300 |a 211 pages 
336 |a text  |b txt  |2 rdacontent 
337 |a unmediated  |b n  |2 rdamedia 
338 |a volume  |b nc  |2 rdacarrier 
504 |a "Selected bibliography": pages 199-201. 
650 0 |a Education  |z Mexico. 
740 2 |a A revolution by education. 
999 |a MARS 
999 f f |s 7d7e8531-d7f8-3b9d-9acf-d8cf8c7eb463  |i 9e9f8a41-b1a5-3ec1-90b8-8d93933c75d8  |t 0 
952 f f |p normal  |a Texas A&M University  |b College Station  |c Sterling C. Evans Library  |d Evans: Library Stacks  |t 0  |e LA422 .S28  |h Library of Congress classification  |i unmediated -- volume  |m A14800826770 
998 f f |a LA422 .S28  |t 0  |l Evans: Library Stacks